Qualification: peut-on distinguer les classements techniques des classements sociaux?
Čo je kvalifikácia? Definícia socioodbornej kvalifikácie. Vývoj a druhy odbornosti. Práca formálna a neformálna. Sociálna povaha techniky. Požiadavky späté s novými technológiami. Klasifikačná funkcia v spoločnosti a jej úloha. (Formation-Emploi 1992, č.38.).
Gespeichert in:
| 1. Verfasser: | |
|---|---|
| Format: | Buchkapitel |
| Sprache: | Französisch |
| Schlagworte: | |
| Tags: |
Keine Tags, Fügen Sie das erste Tag hinzu!
|
MARC
| LEADER | 00000naa a2200000 4500 | ||
|---|---|---|---|
| 001 | r010268 | ||
| 005 | 20220913125203.3 | ||
| 041 | 0 | |a fre | |
| 044 | |a FR | ||
| 245 | 1 | 0 | |a Qualification: peut-on distinguer les classements techniques des classements sociaux? |c M. Alaluf |
| 520 | |a Čo je kvalifikácia? Definícia socioodbornej kvalifikácie. Vývoj a druhy odbornosti. Práca formálna a neformálna. Sociálna povaha techniky. Požiadavky späté s novými technológiami. Klasifikačná funkcia v spoločnosti a jej úloha. (Formation-Emploi 1992, č.38.). | ||
| 610 | 2 | 0 | |a kvalifikácia |
| 610 | 2 | 0 | |a odbornosť |
| 610 | 2 | 0 | |a práca |
| 610 | 2 | 0 | |a technika |
| 610 | 2 | 0 | |a technológie nové |
| 100 | 1 | |a Alaluf, M. | |